000 00635cam a22001814a 4500
020 _a193259406X (hardcover)
050 0 0 _aRJ320.S45
_bT73 2005
100 1 _aTracey, Kevin J.
245 1 0 _aFatal sequence :
_bthe killer within /
_cKevin J. Tracey.
260 _aNew York :
_bDana Press,
_cc2005.
300 _a224 p. ;
650 0 _xPatients
_vBiography.
650 0 _xPatients
_vBiography,
856 4 1 _uhttp://www.loc.gov/catdir/toc/ecip052/2004025330.html
856 4 2 _uhttp://www.loc.gov/catdir/enhancements/fy0617/2004025330-b.html
856 4 2 _uhttp://www.loc.gov/catdir/enhancements/fy0617/2004025330-d.html
942 _2lcc
_cGEN
999 _c7072
_d7072